<?xml version="1.0" encoding="UTF-8"?>
<record
    xmlns:xsi="http://www.w3.org/2001/XMLSchema-instance"
    xsi:schemaLocation="http://www.loc.gov/MARC21/slim http://www.loc.gov/standards/marcxml/schema/MARC21slim.xsd"
    xmlns="http://www.loc.gov/MARC21/slim">

  <leader>00321nam a2200145Ia 4500</leader>
  <controlfield tag="008">191201s2019    xx            000 0 und d</controlfield>
  <datafield tag="020" ind1=" " ind2=" ">
    <subfield code="a">9789353066697</subfield>
  </datafield>
  <datafield tag="082" ind1=" " ind2=" ">
    <subfield code="a">006.31 DUM</subfield>
  </datafield>
  <datafield tag="100" ind1=" " ind2=" ">
    <subfield code="a">DUTT, Saikat</subfield>
  </datafield>
  <datafield tag="245" ind1=" " ind2="0">
    <subfield code="a">Machine Learning</subfield>
  </datafield>
  <datafield tag="260" ind1=" " ind2=" ">
    <subfield code="b">Pearson</subfield>
  </datafield>
  <datafield tag="300" ind1=" " ind2=" ">
    <subfield code="a">428</subfield>
  </datafield>
  <datafield tag="650" ind1=" " ind2=" ">
    <subfield code="a">B.Tech(CSE)</subfield>
  </datafield>
  <datafield tag="942" ind1=" " ind2=" ">
    <subfield code="2">ddc</subfield>
    <subfield code="c">BK</subfield>
  </datafield>
  <datafield tag="999" ind1=" " ind2=" ">
    <subfield code="c">6869</subfield>
    <subfield code="d">6869</subfield>
  </datafield>
  <datafield tag="952" ind1=" " ind2=" ">
    <subfield code="0">0</subfield>
    <subfield code="1">0</subfield>
    <subfield code="2">ddc</subfield>
    <subfield code="4">0</subfield>
    <subfield code="7">0</subfield>
    <subfield code="8">BTECHCSE</subfield>
    <subfield code="a">PIET</subfield>
    <subfield code="b">PIET</subfield>
    <subfield code="d">2020-07-21</subfield>
    <subfield code="e">Kirti Prakashan</subfield>
    <subfield code="g">569.00</subfield>
    <subfield code="k">IN3888</subfield>
    <subfield code="l">0</subfield>
    <subfield code="o">006.31 DUM</subfield>
    <subfield code="p">30614</subfield>
    <subfield code="r">2019-12-04 00:00:00</subfield>
    <subfield code="v">386.92</subfield>
    <subfield code="w">2019-05-16</subfield>
    <subfield code="y">REF</subfield>
  </datafield>
  <datafield tag="952" ind1=" " ind2=" ">
    <subfield code="0">0</subfield>
    <subfield code="1">0</subfield>
    <subfield code="2">ddc</subfield>
    <subfield code="4">0</subfield>
    <subfield code="7">0</subfield>
    <subfield code="8">BTECHCSE</subfield>
    <subfield code="a">PIET</subfield>
    <subfield code="b">PIET</subfield>
    <subfield code="d">2020-07-21</subfield>
    <subfield code="e">Kirti Prakashan</subfield>
    <subfield code="g">569.00</subfield>
    <subfield code="k">IN3888</subfield>
    <subfield code="l">2</subfield>
    <subfield code="o">006.31 DUM</subfield>
    <subfield code="p">30615</subfield>
    <subfield code="q">2026-10-21</subfield>
    <subfield code="r">2026-04-03 00:00:00</subfield>
    <subfield code="s">2026-04-03</subfield>
    <subfield code="v">386.92</subfield>
    <subfield code="w">2019-05-16</subfield>
    <subfield code="y">BK</subfield>
  </datafield>
  <datafield tag="952" ind1=" " ind2=" ">
    <subfield code="0">0</subfield>
    <subfield code="1">0</subfield>
    <subfield code="2">ddc</subfield>
    <subfield code="4">0</subfield>
    <subfield code="7">0</subfield>
    <subfield code="8">BTECHCSE</subfield>
    <subfield code="a">PIET</subfield>
    <subfield code="b">PIET</subfield>
    <subfield code="d">2020-07-21</subfield>
    <subfield code="e">Kirti Prakashan</subfield>
    <subfield code="g">569.00</subfield>
    <subfield code="k">IN3888</subfield>
    <subfield code="l">5</subfield>
    <subfield code="o">006.31 DUM</subfield>
    <subfield code="p">30616</subfield>
    <subfield code="r">2026-01-07 00:00:00</subfield>
    <subfield code="s">2025-09-13</subfield>
    <subfield code="v">386.92</subfield>
    <subfield code="w">2019-05-16</subfield>
    <subfield code="y">BK</subfield>
  </datafield>
  <datafield tag="952" ind1=" " ind2=" ">
    <subfield code="0">0</subfield>
    <subfield code="1">0</subfield>
    <subfield code="2">ddc</subfield>
    <subfield code="4">0</subfield>
    <subfield code="7">0</subfield>
    <subfield code="8">BTECHCSE</subfield>
    <subfield code="a">PIET</subfield>
    <subfield code="b">PIET</subfield>
    <subfield code="d">2020-07-21</subfield>
    <subfield code="e">Kirti Prakashan</subfield>
    <subfield code="g">569.00</subfield>
    <subfield code="k">IN3888</subfield>
    <subfield code="l">3</subfield>
    <subfield code="o">006.31 DUM</subfield>
    <subfield code="p">30617</subfield>
    <subfield code="r">2025-08-18 00:00:00</subfield>
    <subfield code="s">2025-06-12</subfield>
    <subfield code="v">386.92</subfield>
    <subfield code="w">2019-05-16</subfield>
    <subfield code="y">BK</subfield>
  </datafield>
  <datafield tag="952" ind1=" " ind2=" ">
    <subfield code="0">0</subfield>
    <subfield code="1">0</subfield>
    <subfield code="2">ddc</subfield>
    <subfield code="4">0</subfield>
    <subfield code="7">0</subfield>
    <subfield code="8">BTECHCSE</subfield>
    <subfield code="a">PIET</subfield>
    <subfield code="b">PIET</subfield>
    <subfield code="d">2020-07-21</subfield>
    <subfield code="e">Kirti Prakashan</subfield>
    <subfield code="g">569.00</subfield>
    <subfield code="k">IN3888</subfield>
    <subfield code="l">4</subfield>
    <subfield code="o">006.31 DUM</subfield>
    <subfield code="p">30618</subfield>
    <subfield code="r">2026-02-12 00:00:00</subfield>
    <subfield code="s">2024-10-03</subfield>
    <subfield code="v">386.92</subfield>
    <subfield code="w">2019-05-16</subfield>
    <subfield code="y">BK</subfield>
  </datafield>
  <datafield tag="952" ind1=" " ind2=" ">
    <subfield code="0">0</subfield>
    <subfield code="1">0</subfield>
    <subfield code="2">ddc</subfield>
    <subfield code="4">0</subfield>
    <subfield code="7">0</subfield>
    <subfield code="8">CSEAIML</subfield>
    <subfield code="a">PIET</subfield>
    <subfield code="b">PIET</subfield>
    <subfield code="d">2024-03-27</subfield>
    <subfield code="e">Zafaa Books and Distributors</subfield>
    <subfield code="f">In rupees</subfield>
    <subfield code="g">685.00</subfield>
    <subfield code="k">ZBD0466</subfield>
    <subfield code="l">1</subfield>
    <subfield code="o">006.31 DUM</subfield>
    <subfield code="p">36801</subfield>
    <subfield code="q">2026-07-06</subfield>
    <subfield code="r">2025-12-18 00:00:00</subfield>
    <subfield code="s">2025-12-18</subfield>
    <subfield code="v">465.80</subfield>
    <subfield code="w">2024-03-27</subfield>
    <subfield code="y">BK</subfield>
  </datafield>
  <datafield tag="952" ind1=" " ind2=" ">
    <subfield code="0">0</subfield>
    <subfield code="1">0</subfield>
    <subfield code="2">ddc</subfield>
    <subfield code="4">0</subfield>
    <subfield code="7">0</subfield>
    <subfield code="8">CSEAIML</subfield>
    <subfield code="a">PIET</subfield>
    <subfield code="b">PIET</subfield>
    <subfield code="d">2024-03-27</subfield>
    <subfield code="e">Zafaa Books and Distributors</subfield>
    <subfield code="f">In rupees</subfield>
    <subfield code="g">685.00</subfield>
    <subfield code="k">ZBD0466</subfield>
    <subfield code="l">2</subfield>
    <subfield code="o">006.31 DUM</subfield>
    <subfield code="p">36802</subfield>
    <subfield code="r">2025-09-18 00:00:00</subfield>
    <subfield code="s">2025-09-04</subfield>
    <subfield code="v">465.80</subfield>
    <subfield code="w">2024-03-27</subfield>
    <subfield code="y">BK</subfield>
  </datafield>
</record>
